Dlouhé stíny / (Záznam č. 34203)

Podrobnosti MARC
000 -Návěští
Řídící pole kódované 24B 02793nam a2200553 i 4500
001 - Kontrolní číslo
Řídící pole proměnné 5230804
003 - Identifikátor kontrolního čísla
Řídící pole proměnné CZ PrSKC
005 - Datum posledního zpracování
Řídící pole 16B 20260422105447.0
007 - Pole pevné délky pro fyzický popis
Řídící pole kódované ta
008 - Údaje pevné délky
Řídící pole kódované 40B 260415s2026 xr g 000 j cze
015 ## -
-- cnb003743836
020 ## - ISBN
ISBN 978-80-284-1494-8
-- (vázáno)
040 ## - Zdroj katalogizace-agentura
Agentura původní katalogizace ABG001
Jazyk katalogizace cze
Použitá pravidla popisu rda
072 #7 - Kód předmětové kategorie - Konspekt
Předmětová kategorie 821.162.3-3
Zpřesnění předmětové kategorie Česká próza
Zdroj předmětové klasifikace Konspekt
-- 25
080 ## - MDT
Klasifikační znak MDT 821.162.3-32
Idetifikátor vydání MDT MRF
080 ## - MDT
Klasifikační znak MDT (0:82-32)
Idetifikátor vydání MDT MRF
044 ## - Kód země vydání/výroby
Kód geografické oblasti/země xr
100 1# - Hlavní záhlaví - osobní jméno autora
Osobní jméno Surmanová, Kateřina,
Datumy související se jménem 1984-
-- ola2011619666
Kód role aut
9 (RLIN) 18579
245 10 - Údaje o názvu
Název Dlouhé stíny /
Údaj o odpovědností, atd. Kateřina Surmanová, Petra Klabouchová, Lukáš Vavrečka, Iva Hadj Moussa, Anna Bolavá, Veronika Fiedlerová, Daniel Gris, Dalibor Vácha, Lucie Lukačovičová, Jiří Březina, Kristina Hlaváčková
250 ## - Údaje o vydání
Označení vydání Vydání první
264 #1 - Nakladatelské údaje
Místo vydání Praha :
Nakladatel Euromedia Group,
Rok vydání 2026
300 ## - Fyzický popis
Rozsah 317 stran ;
Rozměry 21 cm
336 ## -
-- text
-- txt
-- rdacontent
337 ## -
-- bez média
-- n
-- rdamedia
338 ## -
-- svazek
-- nc
-- rdacarrier
490 1# - Údaje o edici
Údaje o edici Mystery & thriller
500 ## - Všeobecná poznámka
Text obecné poznámky "Vydala Euromedia Group, a.s., v edici Kalibr"--Tiráž
505 00 - Fomátovaná poznámka k obsahu
Názvy Černé stopy, bílý sníh /
Údaje o autorství poznámky Kateřina Surmanová --
Názvy Země zemi, voda vodě, oheň ohni /
Údaje o autorství poznámky Petra Klabouchová --
Názvy Nejlíp jim bylo /
Údaje o autorství poznámky Lukáš Vavrečka --
Názvy Kočičí svědek /
Údaje o autorství poznámky Iva Hadj Moussa --
Názvy Nejkrásnějším skupenstvím vody je led /
Údaje o autorství poznámky Anna Bolavá --
Názvy Modlitba za Mariku /
Údaje o autorství poznámky Veronika Fiedlerová --
Názvy Fotvora /
Údaje o autorství poznámky Daniel Gris --
Názvy Stavros /
Údaje o autorství poznámky Dalibor Vácha --
Názvy Zahalený viselec /
Údaje o autorství poznámky Lucie Lukačovičová --
Názvy Věc za dveřmi /
Údaje o autorství poznámky Jiří Březina --
Názvy Rodinné dědictví /
Údaje o autorství poznámky Kristina Hlaváčková
520 2# - Anotace
Anotace, atd. Soubor temných až mrazivých povídek od českých autorů. Ve všech nalezneme staré křivdy, temné hříchy i nechutná tajemství.
655 #7 - Rejstříkový termín - žánr/forma
Žánr/forma či základní termín české povídky
-- fd133971
-- czenas
-- 681
655 #9 - Rejstříkový termín - žánr/forma
Žánr/forma či základní termín Czech short stories
-- eczenas
-- 685
700 1# - Vedlejší záhlaví - osobní jméno autora
Osobní jméno Klabouchová, Petra,
Datumy související se jménem 1980-
-- ola2006345384
Kód role aut
700 1# - Vedlejší záhlaví - osobní jméno autora
Osobní jméno Vavrečka, Lukáš,
Datumy související se jménem 1987-
-- xx0039012
Kód role aut
9 (RLIN) 20688
700 1# - Vedlejší záhlaví - osobní jméno autora
Osobní jméno Hadj Moussa, Iva,
Datumy související se jménem 1979-
-- js20070622001
Kód role aut
9 (RLIN) 13452
700 1# - Vedlejší záhlaví - osobní jméno autora
Osobní jméno Bolavá, Anna,
Datumy související se jménem 1981-
-- xx0166464
Kód role aut
9 (RLIN) 1634
700 1# - Vedlejší záhlaví - osobní jméno autora
Osobní jméno Fiedlerová, Veronika,
Datumy související se jménem 1985-
-- xx0260274
Kód role aut
9 (RLIN) 16042
700 1# - Vedlejší záhlaví - osobní jméno autora
Osobní jméno Gris, Daniel,
Datumy související se jménem 1973-
-- xx0252445
Kód role aut
9 (RLIN) 20689
700 1# - Vedlejší záhlaví - osobní jméno autora
Osobní jméno Vácha, Dalibor,
Datumy související se jménem 1980-
-- js20090521011
Kód role aut
700 1# - Vedlejší záhlaví - osobní jméno autora
Osobní jméno Lukačovičová, Lucie,
Datumy související se jménem 1980-
-- jo2004232808
Kód role aut
9 (RLIN) 7638
700 1# - Vedlejší záhlaví - osobní jméno autora
Osobní jméno Březina, Jiří,
Datumy související se jménem 1980-
-- xx0114321
Kód role aut
700 1# - Vedlejší záhlaví - osobní jméno autora
Osobní jméno Hlaváčková, Kristina,
Datumy související se jménem 1979-
-- ola2014810204
Kód role aut
9 (RLIN) 20690
710 2# - Vedlejší záhlaví - jméno korporativního autora
Jméno korporace nebo jurisdikce Kalibr (nakladatelství)
-- ko20261289695
Kód role pbl
9 (RLIN) 20503
830 #0 -
-- Mystery & thriller
-- 20691
900 ## -
-- ABG001
-- 18
998 ## - Místní kontrolní číslo (RLIN)
-- 010831894
910 ## - Údaje o vlastníkovi jednotky (exempláře)
Sigla vlastníka jednotky ABG508
993 ## - pracovní čísla
-- 281.00
-- 399.00
-- Team Business
-- 2026-04-22
-- 1076113
Jednotky
Stav ztráty Zdroj klasifikace pro skladování Stav poškození
  Universal Decimal Classification  

Používáme knihovní systém Koha